MDQL
is popping MORE tags! Check the
thread
!
Quizzes
Events
Quiz Creation
Community
Videos
Private Events
Remove Ads
Sign In
Join for FREE
Feedback
Dark Mode
Quiz Categories
Sports
Geography
Music
Movies
Television
Just For Fun
Miscellaneous
History
Literature
Language
Science
Gaming
Entertainment
Religion
Holiday
For Kids
Quiz Lab
Recent
Popular Today
Quiz Kudos Today
Editor Picks
Curator Picks
Quizzes by...
Day
Popularity
Type
Ratings
Length
Year
Community
Subscriptions
Recent Discussions
Orange Saloon
Badges
Playlists
Quests
Create
Leaderboards
Showdown
Live 5
Trivia Bingo
Activity
Puzzle Library
Sporcle Events
Private Events
Virtual Trivia
Globe League
Become a Host
Pub Owners
SporcleCon
Opinionation
Our Games
Videos
Blog
Mobile Apps
Partnerships
Remove Ads and Go Orange
Feedback
Sports
Athletes
MLB
NBA
NHL
NFL
Soccer
Sports Teams
WWE
NCAA
Football
Premier League
Basketball
Baseball
Hockey
Golf
Tennis
Cricket
Rugby
Auto Racing
Olympics
World Cup
Sports
Athletes
MLB
NBA
NHL
NFL
Soccer
Sports Teams
WWE
NCAA
Football
Premier League
Basketball
Baseball
Hockey
Golf
Tennis
Cricket
Rugby
Auto Racing
Olympics
World Cup
Random Quiz
Search Sporcle
×
Quiz Lab
Quiz Lab
Sports
Catcher
Type in answers that appear in a list
Type in answers that appear in a list
Classic
Best Score? Go Orange.
Yankee Opening Day Pitchers, Catchers, and DH Stats
Can you name the Yankee Opening Day Pitchers, Catchers, and DH?
By
mywaydimag
12m
231 Questions
256 Plays
256 Plays
256 Plays
Comments
Comments
Give Quiz Kudos
Give Quiz Kudos
-
- Ratings
hide this ad
Replay
Link that replays current quiz
Next Quiz
Link to next quiz in quiz playlist
You Got
0%
They Got
Avg Score
57%
Avg Friend Score
Upgrade to see
Score Distribution
Jump to the score distribution portion of the page
Score
0/231
Timer
12:00
0
Plays Today
Year
Player
% Correct
2011
Jorge Posada
97.7%
2010
Jorge Posada
97.7%
2009
Jorge Posada
97.7%
2008
Jorge Posada
97.7%
2007
Jorge Posada
97.7%
2006
Jorge Posada
97.7%
2005
Jorge Posada
97.7%
2004
Jorge Posada
97.7%
2003
Jorge Posada
97.7%
2002
Jorge Posada
97.7%
2001
Jorge Posada
97.7%
2000
Jorge Posada
97.7%
2011
C.C. Sabathia
96.5%
2010
C.C. Sabathia
96.5%
2009
C.C. Sabathia
96.5%
2012
C.C. Sabathia
95.6%
2013
C.C. Sabathia
95.6%
2003
Roger Clemens
95.3%
2002
Roger Clemens
95.3%
2001
Roger Clemens
95.3%
1999
Roger Clemens
95.3%
1998
Andy Pettitte
92.2%
2010
Nick Johnson
91.8%
2006
Randy Johnson
91.8%
2005
Randy Johnson
91.8%
2003
Nick Johnson
91.8%
2002
Nick Johnson
91.8%
1979
Cliff Johnson
91.8%
1978
Cliff Johnson
91.8%
1989
Tommy John
89.5%
1981
Tommy John
89.5%
2012
Russell Martin
88.9%
1961
Yogi Berra
88.3%
1959
Yogi Berra
88.3%
1958
Yogi Berra
88.3%
1957
Yogi Berra
88.3%
1956
Yogi Berra
88.3%
1955
Yogi Berra
88.3%
1954
Yogi Berra
88.3%
1953
Yogi Berra
88.3%
1951
Yogi Berra
88.3%
1950
Yogi Berra
88.3%
2011
Russell Martin
87.9%
1997
David Cone
87.9%
1996
David Cone
87.9%
2004
Mike Mussina
87.5%
1966
Whitey Ford
86.3%
1964
Whitey Ford
86.3%
1962
Whitey Ford
86.3%
1961
Whitey Ford
86.3%
1957
Whitey Ford
86.3%
1955
Whitey Ford
86.3%
1954
Whitey Ford
86.3%
1979
Thurman Munson
83.2%
1978
Thurman Munson
83.2%
1977
Thurman Munson
83.2%
1976
Thurman Munson
83.2%
1975
Thurman Munson
83.2%
1974
Thurman Munson
83.2%
1973
Thurman Munson
83.2%
1972
Thurman Munson
83.2%
1971
Thurman Munson
83.2%
1970
Thurman Munson
83.2%
1999
Joe Girardi
80.9%
1998
Joe Girardi
80.9%
1997
Joe Girardi
80.9%
1996
Joe Girardi
80.9%
1986
Ron Guidry
79.3%
1984
Ron Guidry
79.3%
1983
Ron Guidry
79.3%
1982
Ron Guidry
79.3%
1980
Ron Guidry
79.3%
1979
Ron Guidry
79.3%
1978
Ron Guidry
79.3%
2013
Francisco Cervelli
76.7%
2008
Chien-Ming Wang
75.8%
2007
Jason Giambi
75.8%
Year
Player
% Correct
2009
Hideki Matsui
73.4%
2008
Hideki Matsui
73.4%
1946
Bill Dickey
72.7%
1943
Bill Dickey
72.7%
1942
Bill Dickey
72.7%
1941
Bill Dickey
72.7%
1940
Bill Dickey
72.7%
1939
Bill Dickey
72.7%
1938
Bill Dickey
72.7%
1937
Bill Dickey
72.7%
1936
Bill Dickey
72.7%
1935
Bill Dickey
72.7%
1934
Bill Dickey
72.7%
1933
Bill Dickey
72.7%
1932
Bill Dickey
72.7%
1931
Bill Dickey
72.7%
1930
Bill Dickey
72.7%
1967
Elston Howard
71.5%
1966
Elston Howard
71.5%
1965
Elston Howard
71.5%
1964
Elston Howard
71.5%
1963
Elston Howard
71.5%
1962
Elston Howard
71.5%
1960
Elston Howard
71.5%
1995
Jimmy Key
70.7%
1994
Jimmy Key
70.7%
1993
Jimmy Key
70.7%
1999
Chili Davis
67.6%
1998
Chili Davis
67.6%
1995
Mike Stanley
62.9%
1994
Mike Stanley
62.9%
1937
Lefty Gomez
62.9%
1936
Lefty Gomez
62.9%
1935
Lefty Gomez
62.9%
1934
Lefty Gomez
62.9%
1933
Lefty Gomez
62.9%
1932
Lefty Gomez
62.9%
2000
Orlando Hernandez
62.5%
1977
Catfish Hunter
60.9%
1976
Catfish Hunter
60.9%
1984
Rick Cerone
58.6%
1982
Rick Cerone
58.6%
1981
Rick Cerone
58.6%
1980
Rick Cerone
58.6%
1997
Cecil Fielder
57.8%
1974
Mel Stottlemyre
56.6%
1973
Mel Stottlemyre
56.6%
1972
Mel Stottlemyre
56.6%
1970
Mel Stottlemyre
56.6%
1969
Mel Stottlemyre
56.6%
1968
Mel Stottlemyre
56.6%
1967
Mel Stottlemyre
56.6%
1990
Dave Winfield
56.3%
2007
Carl Pavano
54.7%
2006
Bernie Williams
54.3%
2000
Bernie Williams
54.3%
1993
Matt Nokes
53.9%
1992
Matt Nokes
53.9%
1995
Jim Leyritz
53.5%
1991
Jim Leyritz
53.5%
1942
Red Ruffing
52.7%
1940
Red Ruffing
52.7%
1939
Red Ruffing
52.7%
1938
Red Ruffing
52.7%
1931
Red Ruffing
52.7%
1922
Sam Jones
51.2%
2012
Raul Ibanez
48.9%
1950
Allie Reynolds
48.4%
1948
Allie Reynolds
48.4%
2005
Ruben Sierra
47.3%
2004
Ruben Sierra
47.3%
1996
Ruben Sierra
47.3%
1985
Don Baylor
47.3%
1984
Don Baylor
47.3%
1983
Don Baylor
47.3%
1994
Danny Tartabull
46.9%
1992
Danny Tartabull
46.9%
Year
Player
% Correct
1973
Ron Blomberg
46.5%
2001
David Justice
45.7%
1927
Waite Hoyt
44.9%
1985
Phil Niekro
44.1%
1958
Don Larsen
43%
1956
Don Larsen
43%
2013
Ben Francisco
42.2%
1953
Vic Raschi
40.2%
1952
Vic Raschi
40.2%
1951
Vic Raschi
40.2%
1963
Ralph Terry
39.1%
1992
Scott Sanderson
38.7%
1986
Butch Wynegar
38.3%
1985
Butch Wynegar
38.3%
1983
Butch Wynegar
38.3%
1959
Bob Turley
37.1%
1993
Kevin Maas
36.7%
1991
Kevin Maas
36.7%
1928
Herb Pennock
35.9%
1925
Steve O'Neill
35.9%
1965
Jim Bouton
33.6%
1949
Eddie Lopat
33.2%
1947
Spud Chandler
30.1%
1946
Spud Chandler
30.1%
1988
Rick Rhoden
29.3%
1989
Don Slaught
27.7%
1987
Dennis Rasmussen
27.7%
1928
Pat Collins
27%
1926
Pat Collins
27%
1925
Urban Shocker
26.2%
1982
Bob Watson
25.8%
1991
Tim Leary
25.4%
1926
Bob Shawkey
25.4%
1924
Bob Shawkey
25.4%
1923
Bob Shawkey
25.4%
1921
Carl Mays
25.4%
1920
Bob Shawkey
25.4%
1990
Bob Geren
25%
1975
Doc Medich
23.8%
1971
Stan Bahnsen
23.8%
1947
Eddie Robinson
23.8%
1969
Jake Gibbs
23.4%
1988
Joel Skinner
23%
1987
Joel Skinner
23%
1988
Gary Ward
22.7%
1987
Gary Ward
22.7%
1990
Dave LaPoint
21.9%
1930
George Pipgras
20.7%
1929
George Pipgras
20.7%
1924
Wally Schang
19.9%
1923
Wally Schang
19.9%
1922
Wally Schang
19.9%
1921
Wally Schang
19.9%
1968
Frank Fernandez
19.5%
1976
Rick Dempsey
19.1%
1943
Tiny Bonham
18%
1952
Charlie Silvera
17.2%
1977
Jim Wynn
16.8%
1960
Jim Coates
16.8%
1941
Marius Russo
16.8%
1980
Eric Soderholm
16%
1929
Johnny Grabowski
16%
1927
Johnny Grabowski
16%
1945
Atley Donald
14.1%
1986
Gary Roenicke
13.7%
1989
Tom Brookens
12.9%
1981
Dennis Werth
12.9%
1944
Hank Borowy
12.9%
1919
George Mogridge
12.9%
1949
Gus Niarhos
11.7%
1948
Gus Niarhos
11.7%
1975
Ed Herrmann
11.3%
1974
Bill Sudakis
10.9%
1920
Muddy Ruel
10.5%
1945
Mike Garbark
9%
1944
Mike Garbark
9%
1919
Truck Hannah
7.8%
Quiz Playlist
Details
Report
Send in Message
Add To Playlist
Classic:
Type in answers that appear in a list
Last Updated: Feb 16, 2017
Quiz Scoreboard
CHALLENGE
Sign Up to Join the Scoreboard
Show All
Scores
Hide
Comments
May contain spoilers
Recently Published
Street Fighter Characters
by Artimus82
Gaming
60s
9x9 Crossword: Cartoon Network
by jackfrog10
Miscellaneous
3m
College Basketball Coaching Resumes
by pancakes188
Sports
9m
More to Explore
Quiz From the Vault
Featured Blog Post
Where Did the Easter Bunny Come From?
hide this ad
You Might Also Like...
Tags
Catcher
Pitchers
Player
Today's Top Quizzes in Sports
Browse Sports
hide this ad
Today's Top Quizzes in Catcher
Browse Catcher
Top Contributed Quizzes in Sports
1
2022 World Cup Stars
2
Les meilleurs buteurs des matchs entre le PSG et l’OM
3
FIFA Club World Cup Champions
4
Les entraîneurs de l'OM et du PSG au 21e siècle
5
Criteria MLB: Left Handed Sluggers
6
2023 MLB Unique Player Accomplishments
7
AFC Teams Reveal (Wrong Answers Minefield)
8
Players with Multiple 50 Home Run Seasons
9
5-to-1: FBS Animal Nicknames
10
5-to-1: UK Sports Teams
Explore More
Trending Topics
Marvel
Kpop
NBA
Harry Potter
Anime
Disney
Crossword
Country
WWE
Pokémon
The Office
Song
Puzzle
NFL
Soccer
hide this ad
More By:
mywaydimag
Quiz
Plays
Rating
Category
Featured
Created
NBA Finals Losers' Rosters 2000-2010
1,229
3.86
Sports
May 11, 2011
Yankee Postseason Home Runs
1,045
4.40
Sports
Jun 27, 2011
Yankees Opening Day Starting Infields
647
4.50
Sports
Mar 7, 2012
NBA Western Conference Runner-Up Rosters 2000-2010
620
4.50
Sports
May 11, 2011
NBA Eastern Conference Runner-Up Rosters 2000-2010
571
4.50
Sports
May 11, 2011
Go to Creator's Profile
Score Distribution
Quiz Creator Spotlight
mywaydimag
Follow
Send a Message
Quizzes Created
-
Created Quiz Play Count
-
More By This Creator
Popular Quizzes Today
1
Find the US States - No Outlines Minefield
2
Find the Countries of Europe - No Outlines Minefield
3
The Countries of the World
4
Find the US States
5
Risky Map Clicking: Biggest States A-Z
6
US States
7
Popular People in 1961
8
Movies - When Are They Set?
More Sports Quizzes
Before and After: Sports & Entertainment
Published
Trending Quizzes
Risky Map Clicking: Least Populous States A-Z
1-10 Letter G Words
Risky Map Clicking: Next State Alphabetically
Adjectives in 80s TV Shows
The Seven Year Switch: Catherine
Recently Updated
Leaping Animals
pecheneg
Reality TV Shows (A-Z)
bhenderson79
Rickey Henderson's Hall of Fame Teammates
pecheneg
Champions League XIs: Arsenal
pecheneg
Quick Pick: Celebrities in WWE's Hall of Fame
aduchscher
A-Z Keypad Blitz II
pecheneg
Multiple Oscar Actors
pecheneg
Mystery Phrase Blitz: Oscar 'Best Actors'
pecheneg
F. Scott Fitzgerald Novels
LTH
Pick 3 Villains
ddd62291
Trending Topics
NBA
Disney
Kpop
Anime
Crossword
Marvel
Harry Potter
Puzzle
Country
Pokémon
Song
NFL
The Office
Soccer
WWE
Your Account Isn't Verified!
In order to create a playlist on Sporcle, you need to verify the email address you used during registration. Go to your
Sporcle Settings
to finish the process.
Report this User
Report this user for behavior that violates our
Community Guidelines
.
Details:
Send Report
Go to the Sporcle.com Mobile Site →
Comments